000 00801nam a2200241 a 4500
999 _c4224
_d4224
001 4224
003 BD-JhCC
005 20171125120654.0
008 171125s 2009bg a||||||||| 000 0 ben d
020 _a9848685332
035 _a(BD-JhCC)4224
040 _aBD-JhCC
_dBD-JhCC
041 _aben
082 _a891.4409
_bMUR 2009
100 _aমুরশীদ, গোলাম
245 _aঅাঠারো শতকের গদ্য :
_bইতিহাস ও সংকলন /
_cগোলাম মুরশীদ
260 _aঢাকা :
_bঅন্যপ্রকাশ,
_c২০০৯.
300 _a৩৮৭ পৃ. :
_bচিত্রাবলী;
_c২৩ সেমি.
504 _aIncludes Bibliography
650 _aBenglai Literature
942 _2ddc
_cBK